Programy informatizácie v oblasti vzdelávania dospelých

Bibliographic Details
Main Author: Porvazník, Ján, 1941- (Author)
Format: Article
Language:Slovak
PhysicalDescription:Lit. 3 zázn. v slov., anfl.
Subjects:

MARC

LEADER 00000nab a2200000 a 4500
001 vtls000406374
003 SK-MaSNL
005 20260304022516.0
008 120924c1990 xo 0 slo
015 |a SNBRB19rr/mm-uuuuu 
035 |a CL0406498 
040 |a SNKBUCL  |b slo  |c SNKBUCL  |e AACR2 
041 0 |a slo 
044 |a xo  |c SK 
080 |a 37.013.83:007.5  |2 1981 
080 |a 007.5  |2 1981 
100 1 |a Porvazník, Ján,  |d 1941-  |4 aut  |9 253589 
245 1 0 |a Programy informatizácie v oblasti vzdelávania dospelých  |c Ján Porvazník 
300 |b Lit. 3 zázn. v slov., anfl. 
650 0 7 |a výchova a vzdelávanie dospelých  |2 snkbucl  |9 71633 
650 0 7 |a informatika  |2 snkbucl  |9 1124 
655 7 |a články z novín a časopisov  |2 snkbucl  |9 267496 
773 0 |t Osvetová práca  |g Roč. 40, č. 23 (1990), s. 8-10 
850 |a Slovenská národná knižnica v Martine  |a MTA001 
852 |a SNK  |b KIS3GCP 
958 |a RK 
992 |a RBX 
999 |c 2611607  |d 2613537